El marxismo, verdad y mito
Guardat en:
| Autor principal: | |
|---|---|
| Format: | Llibre |
| Idioma: | espanyol |
| Publicat: |
Barcelona
Nova Terra
1963
|
| Edició: | 1a. ed |
| Matèries: | |
| Etiquetes: |
Afegir etiqueta
Sense etiquetes, Sigues el primer a etiquetar aquest registre!
|
MARC
| LEADER | 00000nam a2200000 a 4500 | ||
|---|---|---|---|
| 001 | UCG1737 | ||
| 003 | CL-VaPUC | ||
| 008 | 100520e19630000SP |||||||||||||||||spa|d | ||
| 082 | 0 | 4 | |a 320.5322 |b FOU |2 21 |
| 100 | 0 | |a Fougeyrollas, Pierre |e author |9 549728 | |
| 245 | 1 | 3 | |a El marxismo, verdad y mito |
| 250 | |a 1a. ed | ||
| 300 | |a 203 p | ||
| 942 | |c BK | ||
| 945 | |d 20100520 00:00:00 |a rbrito | ||
| 260 | |a Barcelona |b Nova Terra |c 1963 | ||
| 650 | 7 | |a MARXISMO |2 CL-VaPUC |9 549729 | |
| 650 | 0 | |a Ideologías políticas |9 255735 | |
| 583 | |a last modification |c 20100520 00:00:00 |k Rodrigo Vera | ||
| 999 | |c 341000 |d 340998 | ||
| 952 | |0 0 |1 0 |4 0 |6 320_532200000000000_FOU_1963 |7 0 |8 P |9 436210 |a BIBEDU |b BIBEDU |c BIBEDU_PB |d 2019-11-22 |i 4675584 |o 320.5322 FOU 1963 |p 4675584 |r 2024-01-25 |w 2019-11-22 |y BK |k EPE | ||